Blue Lock General Knowledge - Statistics

General Stats
  • This quiz has been taken 183 times
  • The average score is 10 of 15
Answer Stats
Hint Answer % Correct
Color of Barou's eyes Red
95%
Age of shidou 18
84%
Language spoken by Kaiser German
81%
Country Sae lived in for 4 years Spain
78%
Profession of Bachira's mom Artist
77%
Number of Nagi's goals before the match vs Team Z 7
76%
Aiku's role before defender Striker
74%
Height of Nagi 190cm / 6,3
73%
Person who betrayed team Z Kuon
72%
Manager of Blue lock Anri
60%
Rank of Igaguri after the game of tag 275
49%
Any of Kunigami's shooting ranges 27m, 28m, 29m,≈40m
46%
nicknamed "Feral Forward" Gagamaru
40%
Reo's family company name Mikage Corp.
37%
One of the Wanima brothers Keisuke, Junichi
34%
No matching quizzes found
Score Distribution
Percent of People with Each Score
Percentile by Number Answered
Your Score History
You have not taken this quiz